00748nam a2200205 i 4500001000700000003000900007005001700016008004100033100003100074245013600105260005700241300004100298490003800339650002300377651003000400651002500430752002600455830003800481852002300519152324ES-MaACL20251003063133.0010308m18621863sp |||| | spa d1 aBoix, Vicente, d1813-188010aValencia histórica y topográfica b: relación de sus calles, plazas y puertas, origen de sus nombres... / cpor Vicente Boix. aValencia : b[s.n.], c1862-1863 (fImp. de J. Rius) a2 v. (XXVI, 373 ; 289 p.) ; c16 cm.1 aBiblioteca de El Diario Mercantil 4aCalles-zValencia. 4aValencia-xDescripción. 4aValencia-xHistoria. aEspaña - dValencia0 aBiblioteca de El Diario Mercantil aES-MaACLjG-327-28